[Event "Tournament for new players to the site"]
[Site "SchemingMind.com"]
[Date "2005.04.25"]
[Round "-"]
[White "Scotty919"]
[Black "Noble King"]
[Result "0-1"]
[WhiteCountry "ENG"]
[BlackCountry "AUS"]
[WhiteElo "1465"]
[WhiteRD "99"]
[BlackElo "1820"]
[BlackRD "119"]
[GameID "13680"]

1. e4 c5 2. Bc4 d6 3. Qf3 Nf6 4. Nh3 Nc6 5. Ng5 Ne5 6. Qb3 Nxc4 7. Qxc4 e6 8. f4 Be7 9. O-O O-O 10. Qb3 h6
11. Nf3 Nxe4 12. d3 Nf6 13. d4 cxd4 14. Nxd4 d5 15. h3 Qc7 16. Nb5 Qb6+ 17. Be3 Bc5 18. Bxc5 Qxc5+ 19. Rf2 Ne4 20. Nc7 Qxf2+
21. Kh2 Qxf4+ 22. Kg1 Qxc7 23. Nc3 Nxc3 24. bxc3 Qb6+ 25. Kf1 Qxb3 26. axb3 a5 27. b4 b6
0-1

[Event "Tournament for new players to the site"]
[Site "SchemingMind.com"]
[Date "2005.04.25"]
[Round "-"]
[White "Scotty919"]
[Black "asperse"]
[Result "0-1"]
[WhiteCountry "ENG"]
[BlackCountry "ENG"]
[WhiteElo "1426"]
[WhiteRD "139"]
[BlackElo "1250"]
[BlackRD "94"]
[GameID "13681"]

1. e4 e5 2. Nf3 Nc6 3. Bc4 Nf6 4. O-O d5 5. exd5 Nxd5 6. Re1 f6 7. d4 Bb4 8. Re2 Nf4 9. Re4 Bf5 10. d5 Bxe4
11. Bd2 Bxd5 12. Bxf4 Bxc4 13. Bd2 Bxd2 14. Nfxd2 O-O 15. Na3 Bd5 16. Nb5 a6 17. Nc3 Be6 18. Nce4 Qd7 19. b3 Bg4 20. Qe1 Bf5
21. Nc5 Qd5 22. Nxb7 Bxc2 23. Rc1 Bd3 24. Nc5 Nb4 25. Nxd3 Nxd3 26. Qe4 Qxe4 27. Nxe4 Nxc1 28. h3 Rad8 29. Nc3 Rd3 30. Ne4 Rd1+
31. Kh2 Ne2 32. a4 Rfd8 33. f3 Rf1 34. Ng3 Nxg3 35. Kxg3 Rd3 36. b4 Rd2 37. h4 Rg1
0-1

[Event "Tournament for new players to the site"]
[Site "SchemingMind.com"]
[Date "2005.04.26"]
[Round "-"]
[White "Gary"]
[Black "Scotty919"]
[Result "1-0"]
[WhiteCountry "ENG"]
[BlackCountry "ENG"]
[WhiteElo "1704"]
[WhiteRD "63"]
[BlackElo "1426"]
[BlackRD "139"]
[GameID "13683"]

1. e4 e5 2. Nf3 d6 3. d4 Nf6 4. dxe5 Nxe4 5. exd6 Nxd6 6. Bd3 Qf6 7. O-O Be7 8. Re1 O-O 9. Bg5 Qe6 10. Rxe6 fxe6
11. Bxe7 Re8 12. Bxd6 cxd6 13. Qe2 h6 14. Qe4 d5 15. Qh7+ Kf8 16. Qh8+ Kf7 17. Bg6+ Kxg6 18. Qxe8+ Kf6 19. Qxc8 a5 20. Qxb7 Ra6
21. Qxb8 g5 22. Qf8+ Kg6 23. Ne5+ Kh5 24. g4+ Kh4 25. Qxh6#
1-0

[Event "Tournament for new players to the site"]
[Site "SchemingMind.com"]
[Date "2005.04.26"]
[Round "-"]
[White "Ashmaster"]
[Black "Scotty919"]
[Result "0-1"]
[WhiteCountry "IRL"]
[BlackCountry "ENG"]
[WhiteElo "1345"]
[WhiteRD "76"]
[BlackElo "1426"]
[BlackRD "139"]
[GameID "13684"]

1. d4 Nc6 2. Nf3 e6 3. e4 Bb4+ 4. c3 Bd6 5. e5 Be7 6. Bd3 Nh6 7. Bxh6 gxh6 8. Qc1 Bf8 9. O-O d5 10. Qc2 Rg8
11. Bxh7 Rg7 12. a4 Be7 13. b4 Bg5 14. Nxg5 Qxg5 15. b5 Qxg2#
0-1

[Event "Tournament for new players to the site"]
[Site "SchemingMind.com"]
[Date "2005.04.25"]
[Round "-"]
[White "flamingarrow"]
[Black "Scotty919"]
[Result "1-0"]
[WhiteCountry "GBR"]
[BlackCountry "ENG"]
[WhiteElo "1558"]
[WhiteRD "129"]
[BlackElo "1426"]
[BlackRD "139"]
[GameID "13685"]

1. e4 e5 2. Nf3 d6 3. c3 Bg4 4. d4 Nf6 5. Bg5 h6 6. Bh4 g5 7. Bg3 Nxe4 8. dxe5 Nc6 9. exd6 cxd6 10. Be2 d5
11. Nbd2 Qb6 12. Nxe4 Qxb2 13. Nf6+ Kd8 14. Nxg4 Qxc3+ 15. Nd2 Bg7 16. Rc1 Qa3 17. O-O Qxa2 18. Nc4 h5 19. Qxd5+ Ke7 20. Qd6+ Ke8
21. Nf6+ Bxf6 22. Qxf6 Kd7 23. Rfd1+ Ke8 24. Qxh8+ Ke7 25. Qxa8
1-0

[Event "Tournament for new players to the site"]
[Site "SchemingMind.com"]
[Date "2005.04.27"]
[Round "-"]
[White "Noble King"]
[Black "Scotty919"]
[Result "1-0"]
[WhiteCountry "AUS"]
[BlackCountry "ENG"]
[WhiteElo "1820"]
[WhiteRD "119"]
[BlackElo "1465"]
[BlackRD "99"]
[GameID "13686"]

1. Nf3 e6 2. e3 Nf6 3. Be2 Bc5 4. d4 Bb4+ 5. c3 Ba5 6. O-O O-O 7. a4 c6 8. Nbd2 Ng4 9. h3 Nf6 10. e4 h6
11. Qc2 Qc7 12. b4 Na6 13. Bxa6 bxa6 14. bxa5 Qxa5 15. Nc4 Qc7 16. Ba3 d6 17. Bxd6 Qd8 18. Bxf8 Qxf8 19. e5 Nh5 20. Nd6 f5
21. Rab1 Qf7 22. Nxf7
1-0

[Event "Tournament for new players to the site"]
[Site "SchemingMind.com"]
[Date "2005.04.25"]
[Round "-"]
[White "asperse"]
[Black "Scotty919"]
[Result "0-1"]
[WhiteCountry "ENG"]
[BlackCountry "ENG"]
[WhiteElo "1250"]
[WhiteRD "94"]
[BlackElo "1426"]
[BlackRD "139"]
[GameID "13687"]

1. e4 e5 2. d4 Nc6 3. c3 Nf6 4. Nf3 Bd6 5. Bg5 O-O 6. Bxf6 Qxf6 7. Na3 Bxa3 8. bxa3 a5 9. Bc4 Qf4 10. g3 Qxe4+
11. Be2 d5 12. Qd3 Qxd3 13. Bxd3 e4 14. Bxe4 dxe4 15. Ng5 Re8 16. O-O f6 17. Rfe1 fxg5 18. f3 e3 19. d5 Ne5 20. Rxe3 c6
21. dxc6 bxc6 22. f4 gxf4 23. gxf4 Kf7 24. Rxe5 Be6 25. Rae1 Rad8 26. f5 Bxa2 27. R5e2 Bc4 28. Rxe8 Rxe8 29. Rd1 Re5 30. Rd7+ Kf6
31. Rd6+ Kxf5 32. Rxc6 Bf7 33. Kf2 g5 34. Rc7 Bg6 35. c4 h5 36. c5 g4 37. c6 Rc5 38. Rc8 Rc2+ 39. Kg3 Rc3+ 40. Kf2 Kf4
41. c7 Rc2+ 42. Ke1 Bf5 43. Rf8 Rxc7 44. Kd2 Rd7+ 45. Kc3 h4 46. Kc4 g3 47. hxg3+ hxg3 48. Kb5 Rd5+ 49. Kc6 Rd3 50. Rf6 g2
51. Kb6 g1=Q+ 52. Kxa5 Rxa3+ 53. Kb4 Re3 54. Kc5 Re6+ 55. Kd5 Rxf6
0-1

[Event "Tournament for new players to the site"]
[Site "SchemingMind.com"]
[Date "2005.04.25"]
[Round "-"]
[White "1d4"]
[Black "Gary"]
[Result "1-0"]
[WhiteCountry "USA"]
[BlackCountry "ENG"]
[WhiteElo "1979"]
[WhiteRD "116"]
[BlackElo "1628"]
[BlackRD "69"]
[GameID "13714"]

1. d4 f5 2. g3 Nf6 3. Bg2 e6 4. Nf3 Be7 5. O-O O-O 6. c4 d6 7. Nc3 Nbd7 8. Bf4 Rb8 9. Qc2 b6 10. Ng5 Bb7
11. Nxe6 Qc8 12. Nxf8 Nxf8 13. Bxb7 Rxb7 14. d5 Ng6 15. Bd2 a6 16. a4 Nf8 17. b3 g6 18. e4 fxe4 19. Nxe4 N8d7 20. Ng5 a5
21. Rfe1 Bf8 22. Ne6 c6 23. dxc6 Qxc6 24. Nd8 Qc7 25. Nxb7 Qxb7 26. Bc3 Bg7 27. Re7 Qf3 28. Rae1 Kf8 29. R1e3 Qc6 30. Bxf6 Nxf6
31. Qc3 d5 32. R3e6
1-0

[Event "Tournament for new players to the site"]
[Site "SchemingMind.com"]
[Date "2005.04.25"]
[Round "-"]
[White "1d4"]
[Black "flamingarrow"]
[Result "1-0"]
[WhiteCountry "USA"]
[BlackCountry "GBR"]
[WhiteElo "1776"]
[WhiteRD "182"]
[BlackElo "1558"]
[BlackRD "129"]
[GameID "13716"]

1. d4 Nf6 2. c4 e6 3. Nf3 b6 4. a3 Bb7 5. Nc3 d5 6. cxd5 exd5 7. g3 Be7 8. Bg2 Nbd7 9. O-O O-O 10. Qc2 a6
11. Bf4 c5 12. Rfd1 cxd4 13. Nxd4 Rc8 14. Qd3 Nc5 15. Qf5 Re8 16. a4 h6 17. Bf3 Ncd7 18. Nxd5 Bxd5 19. Bxd5 Nxd5 20. Qxd5 Nf6
21. Qb7 a5 22. Nc6 Qxd1+ 23. Rxd1 Bc5 24. e3 g5 25. Bc7
1-0

[Event "Tournament for new players to the site"]
[Site "SchemingMind.com"]
[Date "2005.04.25"]
[Round "-"]
[White "1d4"]
[Black "Noble King"]
[Result "1-0"]
[WhiteCountry "USA"]
[BlackCountry "AUS"]
[WhiteElo "1979"]
[WhiteRD "116"]
[BlackElo "1836"]
[BlackRD "110"]
[GameID "13717"]

1. d4 Nf6 2. c4 d6 3. Nf3 g6 4. Nc3 Bg7 5. e4 O-O 6. Be2 c5 7. O-O cxd4 8. Nxd4 Nc6 9. Be3 Bd7 10. Qd2 a6
11. f3 Rc8 12. Rfd1 Ne5 13. b3 Nc6 14. a3 Na5 15. Rdb1 Kh8 16. Qd3 e6 17. Nd1 Kg8 18. Nf2 Nc6 19. Nxc6 Bxc6 20. Rd1 b5
21. Rab1 Nd7 22. Qxd6 Be5 23. Qd2 bxc4 24. Bxc4 Nb8 25. Nd3 Bd4 26. Nb4 Bxe3+ 27. Qxe3 Qa5 28. Nxc6 Rxc6 29. a4 Qb6 30. Qxb6 Rxb6
31. b4 Nc6 32. b5 Ne5 33. Be2 Rfb8 34. a5 Rxb5 35. Bxb5
1-0

[Event "Tournament for new players to the site"]
[Site "SchemingMind.com"]
[Date "2005.04.25"]
[Round "-"]
[White "1d4"]
[Black "asperse"]
[Result "1-0"]
[WhiteCountry "USA"]
[BlackCountry "ENG"]
[WhiteElo "1899"]
[WhiteRD "127"]
[BlackElo "1313"]
[BlackRD "75"]
[GameID "13718"]

1. d4 f5 2. g3 d5 3. Bg2 Nc6 4. Nf3 g6 5. O-O Bg7 6. c4 dxc4 7. d5 Nb4 8. Qa4+ c6 9. Qxb4 Qxd5 10. Nc3 Qd6
11. Qxc4 Be6 12. Qh4 Bf6 13. Bg5 h6 14. Bxf6 exf6 15. Rfd1 Qe7 16. Nd4 Bd7 17. Rd3 g5 18. Qh5+ Qf7 19. Qxf7+ Kxf7 20. Rad1 Rd8
21. Nxf5 Ne7 22. Nd6+ Kg7 23. Nxb7 Rde8 24. Rxd7 Kf7 25. Nd6+ Ke6 26. Nxe8 Rxe8 27. R1d6+ Kf5 28. Ne4 Nc8 29. Rxf6+ Ke5 30. f4+
1-0

[Event "Tournament for new players to the site"]
[Site "SchemingMind.com"]
[Date "2005.04.25"]
[Round "-"]
[White "1d4"]
[Black "Scotty919"]
[Result "1-0"]
[WhiteCountry "USA"]
[BlackCountry "ENG"]
[WhiteElo "1943"]
[WhiteRD "120"]
[BlackElo "1465"]
[BlackRD "99"]
[GameID "13720"]

1. d4 d5 2. c4 dxc4 3. Nf3 Nc6 4. Nc3 Nf6 5. e4 e6 6. a3 Be7 7. Bxc4 O-O 8. O-O a6 9. Re1 Ng4 10. e5 h6
11. h3 b5 12. Bb3 h5 13. hxg4 hxg4 14. d5 Na5 15. Nd4 Nc4 16. Nc6 Qe8 17. Nxe7+ Qxe7 18. Qxg4 exd5 19. Nxd5 Nb6 20. Nxe7+
1-0

[Event "Tournament for new players to the site"]
[Site "SchemingMind.com"]
[Date "2005.04.26"]
[Round "-"]
[White "Gary"]
[Black "1d4"]
[Result "0-1"]
[WhiteCountry "ENG"]
[BlackCountry "USA"]
[WhiteElo "1714"]
[WhiteRD "61"]
[BlackElo "1899"]
[BlackRD "127"]
[GameID "13721"]

1. e4 c5 2. Nf3 d6 3. d4 cxd4 4. Nxd4 Nf6 5. Nc3 a6 6. Bg5 e6 7. f4 Nbd7 8. Qf3 Qc7 9. O-O-O Be7 10. g4 b5
11. a3 Rb8 12. Na2 Bb7 13. Bd3 O-O 14. h4 Nc5 15. Rhe1 h6 16. Bxf6 Bxf6 17. Ne2 Bxh4 18. Rh1 Be7 19. g5 f5 20. gxf6 Bxf6
21. Rhg1 d5 22. Nac3 Bxc3 23. Nxc3 dxe4
0-1

[Event "Tournament for new players to the site"]
[Site "SchemingMind.com"]
[Date "2005.04.26"]
[Round "-"]
[White "Ashmaster"]
[Black "1d4"]
[Result "0-1"]
[WhiteCountry "IRL"]
[BlackCountry "USA"]
[WhiteElo "1345"]
[WhiteRD "76"]
[BlackElo "1776"]
[BlackRD "182"]
[GameID "13722"]

1. e4 c5 2. Nf3 d6 3. d4 cxd4 4. Nxd4 Nf6 5. Nc3 a6 6. Be3 e6 7. f3 Be7 8. Qd2 O-O 9. O-O-O Nbd7 10. Be2 b5
11. a3 Qc7 12. h4 Ne5 13. h5 Nc4 14. Bxc4 bxc4 15. h6 g6 16. Bg5 Qb7 17. f4 Rb8 18. b3 e5 19. Bxf6 Bxf6 20. fxe5 dxe5
21. Nde2 cxb3 22. cxb3 Qxb3
0-1

[Event "Tournament for new players to the site"]
[Site "SchemingMind.com"]
[Date "2005.04.25"]
[Round "-"]
[White "flamingarrow"]
[Black "1d4"]
[Result "1/2-1/2"]
[WhiteCountry "GBR"]
[BlackCountry "USA"]
[WhiteElo "1641"]
[WhiteRD "107"]
[BlackElo "1899"]
[BlackRD "127"]
[GameID "13723"]

1. e4 c5 2. Nf3 d6 3. d4 cxd4 4. Nxd4 Nf6 5. Nc3 a6 6. Be2 e6 7. O-O Be7 8. h3 O-O 9. Kh1 Nc6 10. Nxc6 bxc6
11. f4 Bb7 12. Bf3 e5 13. fxe5 dxe5 14. Qe2 Qc7 15. Bg5 Nh5 16. Bxh5 Bxg5 17. Rf2 Rad8 18. Qf1 f6 19. Qc4+ Kh8 20. Raf1 Be3
21. Re2 Bd4 22. b3 g6 23. Bf3 Bc8 24. Nd5 Qd6 25. Ne3 Bxe3 26. Rxe3 Qd4 27. Qxd4 Rxd4 28. Rd3 Rfd8 29. Rfd1 Rxd3 30. Rxd3=
1/2-1/2

[Event "Tournament for new players to the site"]
[Site "SchemingMind.com"]
[Date "2005.04.27"]
[Round "-"]
[White "Noble King"]
[Black "1d4"]
[Result "0-1"]
[WhiteCountry "AUS"]
[BlackCountry "USA"]
[WhiteElo "1758"]
[WhiteRD "131"]
[BlackElo "1899"]
[BlackRD "127"]
[GameID "13724"]

1. Nf3 d5 2. e3 Nf6 3. Be2 e6 4. O-O Be7 5. c4 O-O 6. a3 c5 7. d4 cxd4 8. Nxd4 e5 9. Nf3 Nc6 10. b4 e4
11. Nd4 Nxd4 12. Qxd4 dxc4 13. Qxc4 Be6 14. Qc2 Rc8 15. Qd1 Qxd1 16. Rxd1 Rc2 17. Bf1 Nd5
0-1

[Event "Tournament for new players to the site"]
[Site "SchemingMind.com"]
[Date "2005.04.26"]
[Round "-"]
[White "asperse"]
[Black "1d4"]
[Result "0-1"]
[WhiteCountry "ENG"]
[BlackCountry "USA"]
[WhiteElo "1313"]
[WhiteRD "75"]
[BlackElo "1899"]
[BlackRD "127"]
[GameID "13725"]

1. e4 c5 2. d4 cxd4 3. Qxd4 Nc6 4. Qe3 Nf6 5. c4 e5 6. Nc3 Bb4 7. a3 Nd4 8. Qd2 Nb3 9. Qc2 Nxa1 10. Qa4 Bxc3+
11. bxc3 Nxe4 12. Bd3 Nxc3 13. Qb4 Na2 14. Qb2 Nxc1 15. Qxc1 Nb3 16. Qb2 Nd4 17. Ne2 Nc6 18. O-O d5 19. Qb5 O-O 20. cxd5 Ne7
21. Be4 f5 22. Qc4 Kh8 23. Bc2 Nxd5 24. Ng3 f4 25. Qd3 Nf6 26. Qc4 fxg3 27. hxg3 Ng4 28. Qd3 Bf5 29. Qc4 Rc8 30. Rd1 Rxc4
31. Rxd8 Rxd8 32. f3 Rxc2 33. fxg4 Bxg4 34. a4 Rd1+
0-1

[Event "Tournament for new players to the site"]
[Site "SchemingMind.com"]
[Date "2005.04.26"]
[Round "-"]
[White "Scotty919"]
[Black "1d4"]
[Result "0-1"]
[WhiteCountry "ENG"]
[BlackCountry "USA"]
[WhiteElo "1508"]
[WhiteRD "123"]
[BlackElo "1899"]
[BlackRD "127"]
[GameID "13727"]

1. e4 c5 2. Qf3 Nc6 3. Bc4 Ne5 4. b4 Nxf3+ 5. Nxf3 cxb4 6. c3 e6 7. O-O Nf6 8. cxb4 Nxe4 9. a3 d5 10. Bb5+ Bd7
11. Bxd7+ Qxd7 12. Ne5 Qc7 13. f4 Qb6+ 14. Rf2 Qxf2+
0-1

[Event "Tournament for new players to the site"]
[Site "SchemingMind.com"]
[Date "2005.04.25"]
[Round "-"]
[White "Maphys"]
[Black "Gary"]
[Result "0-1"]
[WhiteCountry "BEL"]
[BlackCountry "ENG"]
[WhiteElo "1106"]
[WhiteRD "108"]
[BlackElo "1714"]
[BlackRD "61"]
[GameID "13738"]

1. e4 c5 2. Nf3 d6 3. d4 cxd4 4. Nxd4 Nf6 5. Nc3 a6 6. Bc4 e6 7. O-O Be7 8. Bb3 O-O 9. f4 Nbd7 10. Qf3 Qc7
0-1

[Event "Tournament for new players to the site"]
[Site "SchemingMind.com"]
[Date "2005.04.25"]
[Round "-"]
[White "Maphys"]
[Black "Ashmaster"]
[Result "0-1"]
[WhiteCountry "BEL"]
[BlackCountry "IRL"]
[WhiteElo "1106"]
[WhiteRD "108"]
[BlackElo "1432"]
[BlackRD "65"]
[GameID "13739"]

1. e4 b6 2. d4 Bb7 3. Nc3 e6 4. Bd3 d5 5. e5 Bb4 6. Qg4 Bxc3+ 7. bxc3 g6 8. Nf3 Qe7 9. Bg5 Qa3 10. O-O Qxc3
11. Bd2 Qc6
0-1

[Event "Tournament for new players to the site"]
[Site "SchemingMind.com"]
[Date "2005.04.25"]
[Round "-"]
[White "Maphys"]
[Black "flamingarrow"]
[Result "0-1"]
[WhiteCountry "BEL"]
[BlackCountry "GBR"]
[WhiteElo "1106"]
[WhiteRD "108"]
[BlackElo "1641"]
[BlackRD "107"]
[GameID "13741"]

1. e4 c5 2. Nf3 d6 3. d4 cxd4 4. Nxd4 Nf6 5. Nc3 a6 6. Bc4 e6 7. O-O Be7 8. Bb3 O-O 9. f4 Qc7 10. f5 e5
11. Nde2 Nbd7 12. Bg5 h6
0-1

[Event "Tournament for new players to the site"]
[Site "SchemingMind.com"]
[Date "2005.04.25"]
[Round "-"]
[White "Maphys"]
[Black "asperse"]
[Result "0-1"]
[WhiteCountry "BEL"]
[BlackCountry "ENG"]
[WhiteElo "1106"]
[WhiteRD "108"]
[BlackElo "1313"]
[BlackRD "75"]
[GameID "13743"]

1. e4 e5 2. Nf3 d5 3. exd5 Qxd5 4. Nc3 Qe6 5. Bb5+ c6 6. Ba4 Na6 7. Bb3 Qe7 8. O-O Bg4 9. d4 f6 10. Re1 O-O-O
11. Qd3 Nh6
0-1

[Event "Tournament for new players to the site"]
[Site "SchemingMind.com"]
[Date "2005.04.25"]
[Round "-"]
[White "Maphys"]
[Black "Scotty919"]
[Result "0-1"]
[WhiteCountry "BEL"]
[BlackCountry "ENG"]
[WhiteElo "1106"]
[WhiteRD "108"]
[BlackElo "1508"]
[BlackRD "123"]
[GameID "13745"]

1. e4 Nf6 2. e5 Ne4 3. d4 e6 4. Bd3 f5 5. Nh3 Qh4 6. O-O Nc6 7. f3 Ng5 8. Bxg5 Qxd4+ 9. Kh1 Bc5 10. Nc3 Qxe5
0-1

[Event "Tournament for new players to the site"]
[Site "SchemingMind.com"]
[Date "2005.04.26"]
[Round "-"]
[White "Gary"]
[Black "Maphys"]
[Result "1-0"]
[WhiteCountry "ENG"]
[BlackCountry "BEL"]
[WhiteElo "1714"]
[WhiteRD "61"]
[BlackElo "1106"]
[BlackRD "108"]
[GameID "13746"]

1. e4 Nf6 2. e5 Nd5 3. d4 d6 4. Nf3 Bg4 5. Be2 c6 6. c4 Nb6 7. Nc3 Bxf3 8. gxf3 e6 9. Be3 d5 10. cxd5 cxd5
11. Qb3
1-0

[Event "Tournament for new players to the site"]
[Site "SchemingMind.com"]
[Date "2005.04.26"]
[Round "-"]
[White "Ashmaster"]
[Black "Maphys"]
[Result "1-0"]
[WhiteCountry "IRL"]
[BlackCountry "BEL"]
[WhiteElo "1432"]
[WhiteRD "65"]
[BlackElo "1106"]
[BlackRD "108"]
[GameID "13747"]

1. e4 Nf6 2. e5 Nd5 3. d4 d6 4. c4 Nb6 5. Nf3 Bg4 6. Be2 e6 7. O-O Nc6 8. c5 Nd5 9. cxd6 cxd6 10. exd6 Bxd6
11. h3 Bh5 12. Bd2
1-0

[Event "Tournament for new players to the site"]
[Site "SchemingMind.com"]
[Date "2005.04.26"]
[Round "-"]
[White "flamingarrow"]
[Black "Maphys"]
[Result "1-0"]
[WhiteCountry "GBR"]
[BlackCountry "BEL"]
[WhiteElo "1641"]
[WhiteRD "107"]
[BlackElo "1106"]
[BlackRD "108"]
[GameID "13749"]

1. e4 Nf6 2. e5 Nd5 3. d4 d6 4. Nf3 Bg4 5. Bc4 c6 6. h3 Bh5 7. Bxd5 cxd5 8. Bf4 dxe5 9. Bxe5 f6 10. Bg3 Nc6
11. c3 e5 12. dxe5
1-0

[Event "Tournament for new players to the site"]
[Site "SchemingMind.com"]
[Date "2005.04.26"]
[Round "-"]
[White "asperse"]
[Black "Maphys"]
[Result "1-0"]
[WhiteCountry "ENG"]
[BlackCountry "BEL"]
[WhiteElo "1313"]
[WhiteRD "75"]
[BlackElo "1106"]
[BlackRD "108"]
[GameID "13751"]

1. e4 Nf6 2. Nc3 d5 3. f3 d4 4. Nb5 c6 5. Na3 e5 6. c3 d3 7. Bxd3 Qxd3 8. Qe2 Qxe2+ 9. Nxe2 Be6 10. d4 exd4
11. Nxd4
1-0

[Event "Tournament for new players to the site"]
[Site "SchemingMind.com"]
[Date "2005.04.26"]
[Round "-"]
[White "Scotty919"]
[Black "Maphys"]
[Result "1-0"]
[WhiteCountry "ENG"]
[BlackCountry "BEL"]
[WhiteElo "1508"]
[WhiteRD "123"]
[BlackElo "1106"]
[BlackRD "108"]
[GameID "13753"]

1. e4 Nf6 2. Qf3 Nc6 3. Nc3 a6 4. Bc4 d6 5. b3 Bg4 6. Qe3 b5 7. Bd5 Nxd5 8. exd5 Nb4 9. Qd3 Nxd3+ 10. cxd3 g6
11. h3
1-0

[Event "Tournament for new players to the site"]
[Site "SchemingMind.com"]
[Date "2005.04.27"]
[Round "-"]
[White "enkae"]
[Black "Gary"]
[Result "1-0"]
[WhiteCountry "GER"]
[BlackCountry "ENG"]
[WhiteElo "1687"]
[WhiteRD "111"]
[BlackElo "1628"]
[BlackRD "69"]
[GameID "13832"]

1. e4 c5 2. e5 Nc6 3. Bc4 Nxe5 4. Qe2 Nxc4 5. Qxc4 e6 6. Nc3 Nf6 7. d4 d5 8. Qb5+ Qd7 9. Bg5 a6 10. Qb6 cxd4
11. Qxd4 Be7 12. O-O-O O-O 13. Nf3 b5 14. Ne5 Qc7 15. h4 Bb7 16. g4 Rfd8 17. Bf4 Bd6 18. g5 Nd7 19. h5 Bxe5 20. Bxe5 Qxe5
21. Qd2 d4 22. Ne2 Bxh1 23. Nxd4 Nc5 24. Rxh1 Rxd4 25. Qc3
1-0

[Event "Tournament for new players to the site"]
[Site "SchemingMind.com"]
[Date "2005.04.27"]
[Round "-"]
[White "enkae"]
[Black "Ashmaster"]
[Result "1-0"]
[WhiteCountry "GER"]
[BlackCountry "IRL"]
[WhiteElo "1598"]
[WhiteRD "279"]
[BlackElo "1345"]
[BlackRD "76"]
[GameID "13833"]

1. e4 e6 2. d4 d5 3. e5 c5 4. dxc5 Bxc5 5. Nc3 Nc6 6. Nf3 Qc7 7. Bf4 Nge7 8. Nb5 Qa5+ 9. Bd2 Qb6 10. Be3 Bxe3
11. fxe3 Qxe3+ 12. Be2 a6 13. Nc7+
1-0

[Event "Tournament for new players to the site"]
[Site "SchemingMind.com"]
[Date "2005.04.27"]
[Round "-"]
[White "enkae"]
[Black "1d4"]
[Result "0-1"]
[WhiteCountry "GER"]
[BlackCountry "USA"]
[WhiteElo "1624"]
[WhiteRD "130"]
[BlackElo "1943"]
[BlackRD "120"]
[GameID "13834"]

1. e4 c5 2. Bc4 Nc6 3. Nf3 d6 4. d4 cxd4 5. Nxd4 Nf6 6. Nc3 e6 7. Nxc6 bxc6 8. Bg5 Be7 9. Bxf6 Bxf6 10. Qf3 d5
11. exd5 exd5 12. Bb3 Qe7+ 13. Kd1 O-O 14. Re1 Be6 15. Ba4 Qb4 16. Rb1 Bg4 17. a3 Bxf3+ 18. gxf3 Qd4+ 19. Ke2 Qc4+ 20. Kd2 Bg5+
21. Kd1 Qd4+ 22. Ke2 Rfe8+ 23. Kf1 Bh4 24. Re2 Rxe2 25. Kxe2 Re8+ 26. Ne4 dxe4 27. Bxc6 Qxf2+
0-1

[Event "Tournament for new players to the site"]
[Site "SchemingMind.com"]
[Date "2005.04.27"]
[Round "-"]
[White "enkae"]
[Black "flamingarrow"]
[Result "0-1"]
[WhiteCountry "GER"]
[BlackCountry "GBR"]
[WhiteElo "1624"]
[WhiteRD "130"]
[BlackElo "1709"]
[BlackRD "104"]
[GameID "13835"]

1. e4 c5 2. e5 Nc6 3. Bc4 a6 4. Nf3 e6 5. d4 b5 6. d5 Na5 7. dxe6 fxe6 8. Bg5 Qb6 9. Bd3 Bb7 10. Qd2 c4
11. Be2 Be7 12. Be3 Qc7 13. Qd4 Nc6 14. Nc3 Nxd4 15. Bxd4 Nh6 16. Be3 Nf5 17. O-O-O O-O 18. Rhg1 b4 19. Na4 Qa5 20. b3 Nxe3
21. fxe3 cxb3 22. axb3 Rac8 23. Rxd7 Bxf3 24. gxf3 Rf7 25. f4 Bf8 26. Rxf7 Kxf7 27. Bh5+ g6 28. Bg4 Qc7 29. Rg2 Qc6 30. Rd2 Qe4
31. Rd7+ Be7 32. Kd2 Rxc2+ 33. Kd1 Ra2 34. Kc1 Qc2#
0-1

[Event "Tournament for new players to the site"]
[Site "SchemingMind.com"]
[Date "2005.04.27"]
[Round "-"]
[White "enkae"]
[Black "Noble King"]
[Result "0-1"]
[WhiteCountry "GER"]
[BlackCountry "AUS"]
[WhiteElo "1635"]
[WhiteRD "107"]
[BlackElo "1804"]
[BlackRD "103"]
[GameID "13836"]

1. e4 c5 2. e5 Nc6 3. Nf3 g6 4. Bc4 Nh6 5. Nc3 d5 6. Nxd5 Ng4 7. Ng5 Ngxe5 8. d3 Nxc4 9. dxc4 Bg7 10. Be3 Nd4
11. O-O e6 12. Nf4 O-O 13. c3 Qxg5 14. cxd4 Qf6 15. Ne2 cxd4 16. Bxd4 e5 17. Bc3 Qg5 18. Ng3 Be6 19. c5 Rad8 20. Qa4 a6
21. Qb4 Bd5 22. f3 Bc6 23. Ne4 Bxe4 24. fxe4 Rd7 25. Rac1 Qe3+ 26. Kh1 Rfd8 27. Qb3 Qxe4 28. Rce1 Qd5 29. Ba5 Qxb3 30. axb3 Rc8
31. b4 Re8 32. Rf3 e4 33. Rf2 Rd3 34. Kg1 Bd4 35. Rc1 Bxf2+ 36. Kxf2 Rd2+ 37. Ke3 Rxg2 38. c6 bxc6 39. Rxc6 Re6 40. Rc8+ Kg7
41. Rc5 Rxh2 42. Bc7 Rh3+ 43. Kf4 Rf3+ 44. Kg4 h5+ 45. Kg5 Rf5+ 46. Rxf5 gxf5 47. Kxf5 e3 48. Be5+ Rxe5+ 49. Kxe5 e2 50. Kd5 e1=Q
51. Kc5 Qc1+ 52. Kb6 Qxb2 53. Kxa6 Qxb4 54. Ka7 f5 55. Ka6 f4
0-1

[Event "Tournament for new players to the site"]
[Site "SchemingMind.com"]
[Date "2005.04.27"]
[Round "-"]
[White "enkae"]
[Black "asperse"]
[Result "1-0"]
[WhiteCountry "GER"]
[BlackCountry "ENG"]
[WhiteElo "1700"]
[WhiteRD "204"]
[BlackElo "1313"]
[BlackRD "75"]
[GameID "13837"]

1. e4 c5 2. d4 e6 3. d5 exd5 4. exd5 Qe7+ 5. Be3 Nh6 6. Nc3 d6 7. Nf3 Bg4 8. Bb5+ Bd7 9. Qd3 Bxb5 10. Qxb5+ Nd7
11. Qxb7 Rb8 12. Qxa7 Ng4 13. O-O-O Nxe3 14. fxe3 Qxe3+ 15. Kb1 g6 16. Rhe1 Qxe1 17. Rxe1+ Be7 18. Ne4 O-O 19. Qxd7 Rfe8 20. Nf6+ Bxf6
21. Rxe8+ Rxe8 22. Qxe8+ Kg7 23. c3 g5 24. Qd7 g4 25. Nd2
1-0